000 00361 a2200157 4500
001 156316
020 _a9788525061720
040 _cEscola São Tomás de Aquino
100 _aLOBATO, Monteiro
240 1 0 _aO picapau amarelo
_lpor
245 1 0 _aO picapau amarelo
300 _a271
362 0 _a2016
697 _a*LITERATURA INFANTO JUVENIL
942 _cBK
999 _c156316
_d156316